Test your English vocabulary in use : pre-intermediate & intermediate /

Hlavní autor: Redman, Stuart, 1950-
Další autoři: Gairns, Ruth, 1949-
Jazyk: Angličtina
Vydáno: Cambridge : Cambridge University Press, 2000
Vydání: 1st publ.
Témata:
Fyzický popis: 142 s. : il.
Knihy
Uloženo v:
LEADER 02199nam a2200469 4500
001 000993375
003 CZ BrMZK
005 20201026060649.0
007 ta
008 010825s2000 enka erp eng
020 |a 0521779804  |q (brož.) 
040 |a BOA001  |b cze 
072 7 |a 811.111  |x Angličtina  |2 Konspekt  |9 11 
072 7 |a 37.016  |x Učební osnovy. Vyučovací předměty. Učebnice  |2 Konspekt  |9 22 
080 |a 811.111  |2 MRF 
080 |a 81'373  |2 MRF 
080 |a (075)  |2 MRF 
080 |a (07.062)81  |2 MRF 
080 |a (07.063)81  |2 MRF 
100 1 |a Redman, Stuart,  |d 1950-  |7 xx0002316  |4 aut 
245 1 0 |a Test your English vocabulary in use :  |b pre-intermediate & intermediate /  |c Stuart Redman & Ruth Gairns 
246 3 3 |a Test your English vocabulary in use. Pre-intermediate & intermediate 
250 |a 1st publ. 
260 |a Cambridge :  |b Cambridge University Press,  |c 2000 
300 |a 142 s. :  |b il. 
650 0 7 |a angličtina  |7 ph114056  |2 czenas 
650 0 7 |a slovní zásoba  |7 ph166083  |2 czenas 
650 0 7 |a jazykové zkoušky  |7 ph466388  |2 czenas 
653 0 |a jazyková úroveň A2  |a jazyková úroveň B1 
655 7 |a učebnice  |7 fd133770  |2 czenas 
655 7 |a jazykové učebnice, texty, příručky (A)  |7 fd600889  |2 czenas 
655 7 |a jazykové učebnice, texty, příručky (B)  |7 fd600891  |2 czenas 
700 1 |a Gairns, Ruth,  |d 1949-  |7 xx0002317  |4 aut 
910 |a BOA001  |b AK-0002.475 
990 |a BK 
991 |b 201002  |y British Council Brno - Czech Republic  |z 000041939  |x 99 
996 7 |b 261E001350  |c AK-0002.475  |l Anglická knihovna/2.patro  |r ZHR  |n 115  |w 000993375  |u 000040  |a 0  |e BOA001  |j MZK50  |s A 
996 7 |b 261E005014  |c AK-0002.475  |l Anglická knihovna/2.patro  |r ZHR  |n 6  |w 000993375  |u 000050  |a 0  |e BOA001  |j MZK50  |s A 
996 7 |b 261E005411  |c AK-0002.475  |l Anglická knihovna/2.patro  |r ZHR  |n 71  |w 000993375  |u 000060  |a 0  |e BOA001  |j MZK50  |s A 
996 7 |b R10311F0391  |c AK-0002.475  |l Anglická knihovna/2.patro  |r ZHR  |n 107  |w 000993375  |u 000030  |a 0  |e BOA001  |j MZK50  |s A 
996 7 |b R10312W0391  |c AK-0002.475  |l Anglická knihovna/2.patro  |r ZHR  |n 110  |w 000993375  |u 000020  |a 0  |e BOA001  |j MZK50  |s A 
996 7 |b R10313X0391  |c AK-0002.475  |l Anglická knihovna/2.patro  |r ZHR  |n 107  |w 000993375  |u 000010  |a 0  |e BOA001  |j MZK50  |s A